000 00576nam a22002177a 4500
003 OSt
005 20260601171018.0
008 260508b2020\\\\mx\a||||\||||\00|\0\spa\d
040 _aICI
_bspa
_cICI
_erda
041 _aspa
050 _aTP937
_b.C65
100 _eComex
110 _aComex (Empresa)
_934248
245 1 _aJuntos embellecemos y protegemos tu vida :
_bColor life trends
264 _aMéxico :
_bComex,
_c2020
300 _a196 páginas
336 _2rdacontent
_atexto
337 _2rdamedia
_asin medio
338 _2rdacarrier
_avolumen
942 _2lcc
_cB
_n1
999 _c20769
_d20769